000 00231 a2200085 4500
020 _a9781864706628
100 _aMANIT RASTOGI,
245 _aMORPHOGENESIS: THE INDIAN PERSPECTIVE. THE GLOBAL CONTEXT
260 _bIMAGES PUBLISHSING GROUP
999 _c13098
_d13098